000 00567nam a2200229 a 4500
001 nice12345678
003 IN_TiNIC
005 20260116011727.0
008 050524s1974 seca grp 000 0 eng
020 _a
_c10
082 0 0 _a248.24
_bMIL1
100 _aMiller, William Mcelwee
245 _aTen Muslims Meet Christ
260 _aSecunderabad
_bGood News Lit.Centre
_c1974
300 _a163p
500 _aincludes index and biblioraphy
505 2 _aIll, Index
700 1 _aMiller, William Mcelwee
902 _bSRS
942 _cBK
999 _c3562
_d3562